000 00720nac a22002411u 4500
010 _a 85017370
020 _a0830609288
020 _a0830619283 (pbk.) :
082 0 0 _a694.2
_bRAM
090 _c9373
_d9373
100 _aRamsey, Dan,
245 1 0 _aHardwood floors--installing, maintaining, and repairing /
_cDan Ramsey.
250 _a1st ed.
260 _aBlue Ridge Summit, PA :
_bTAB Books,1985
_c1985.
300 _aix, 149 p. :
_bill. ;
_c24 cm.
500 _aIncludes index.
500 _a"No. 1928."
500 _adistributer: Al-Ahram
511 _acatalogued by: wessam
650 0 _aFloors, Wooden.
650 0 _aHardwoods.
942 _cBB
_k694.2RAM
999 _c9373
_d9373